| 000 | 00658cac a2200229 a 4500 | ||
|---|---|---|---|
| 003 | Co-PeBPM | ||
| 005 | 20250213151935.0 | ||
| 008 | 231129e1983 |||||||||||||| ||spa|| | ||
| 020 | _a8420699721 | ||
| 040 | 0 |
_aCo-PeBPM _bspa _cCo-PeBPM _erda |
|
| 041 | _aspa | ||
| 082 | 0 | 4 | _a102 F379c |
| 100 |
_aFerrater Mora, José _eAutor |
||
| 245 | 1 | 0 |
_aLas crisis humanas _c/ José Ferrater Mora |
| 260 |
_aMadrid, España _b: Alianza editorial _c, 1983 |
||
| 300 |
_a207 Páginas _c; 11 centímetros |
||
| 500 | _aIncluye Índice. | ||
| 650 | 1 | 4 |
_2LEMB _aFilosofía española |
| 650 | 1 | 4 |
_2LEMB _aTecnología |
| 650 | 1 | 4 |
_2LEMB _aCivilización |
| 942 |
_2ddc _cBK |
||
| 999 |
_c18683 _d18683 |
||